Statistiques concernant Cliquez sur la bonne traduction en espagnol - Les couleurs

Cliquez ici pour prendre le quiz!

Statistiques générales

  • Ce quiz a été pris 306 fois
  • Le résultat moyen est 10 sur 11

Statistiques - réponses

HintRéponse% Correct
VertVerde
100%
BleuAzul
98%
RoseRosa
95%
MarronMarrón
92%
NoirNegro
92%
RougeRojo
91%
OrangeNaranja
90%
BlancBlanco
88%
JauneAmarillo
87%
GrisGris
85%
VioletMorado
74%

Distribution des résultats

Percentile par nombre de réponses

% des personnes avec chaque résultat

Votre développement - résultats

Vous n’avez pas pris ce quiz